| 000 | 01454nam0a22003011 4500 | ||
|---|---|---|---|
| 001 | rc\4476387 | ||
| 005 | 20130416165940.6 | ||
| 021 |
_aRU _b[63-20821] |
||
| 035 | _a(NLR Aleph) 008599442 | ||
| 090 |
_a8694525 _c8694525 |
||
| 100 | _a20130416d1962 |||y0rusy50 ca | ||
| 101 | 0 | _arus | |
| 102 | _aRU | ||
| 105 | _ay z ||||| | ||
| 200 | 1 |
_aАнализ и планирование розничного товарооборота торговой организации _e(Лекция в помощь самостоятельной учеб. работе студентов-заочников) _fПод ред. канд. экон. наук Г.С. Мотолянского _gМ-во торговли УССР. Донецкий ин-т советской торговли |
|
| 210 |
_aДонецк _cБ. и. _d1962 |
||
| 215 |
_a81 с., включ. обл. _d20 |
||
| 300 | _aПеред загл. авт.: доц. Ю.Г. Красницкий | ||
| 320 | _aБиблиогр.: с. 80 (18 назв.) | ||
| 606 |
_aТорговые организации _xПланирование товарооборота _2psbo |
||
| 606 |
_aТоварооборот розничный _xПланирование _2psbo |
||
| 700 | 1 |
_aКрасницкий _bЮ. Г. _gЮлий Григорьевич |
|
| 702 | 1 |
_aМотолянский _bГ. С. _4340 |
|
| 801 | 0 |
_aRU _bNLR _gpsbo |
|
| 801 | 1 |
_aRU _bELAR _2rusmarc |
|
| 852 |
_aNLR _j63-4/53952 |
||
| 942 | _cBOOK | ||
| 980 | _aNB | ||